000 00392nam a22001457a 4500
003 MACL
005 20190319160046.0
008 190319b xxu||||| |||| 00| 0 eng d
040 _cMACL
100 _aPande,Susmita
_973862
245 _aBhakti Doctrines, Art & Culture as in Vaishnava Puranas
260 _aAllahabad
_bRaka Prakashan
_c2014
650 _aHindu Religion
_9350
942 _2ddc
_cBK
999 _c59047
_d59047